[Event "SD-2012-0-00134"]
[Site "LSS email"]
[Date "2012.05.10"]
[Round "?"]
[White "Koci, Vlastimil"]
[Black "Casser, Aaron"]
[Result "0-1"]
[WhiteElo "1392"]
[BlackElo "1411"]
[PlyCount "27"]
[EventDate "2012.02.20"]
[EventType "tourn (corr)"]
[EventRounds "6"]
[EventCountry "GER"]
[SourceTitle "Corr 2015"]
[Source "ChessBase"]
[SourceDate "2015.07.17"]
[SourceVersion "1"]
[SourceVersionDate "2015.07.17"]
[SourceQuality "1"]

1. d4 Nf6 2. Nf3 d5 3. Bf4 c5 4. e3 Nc6 5. dxc5 Qa5+ 6. c3 Qxc5 7. Nbd2 e6 8. Bd3 Be7 9. e4 dxe4 10. Nxe4 Nxe4 11. Bxe4 0-0 12. Qe2 Rd8 13. 0-0 Bd7 14. Rad1 0-1

[Event "SD-2012-0-00134"]
[Site "LSS email"]
[Date "2012.05.10"]
[Round "?"]
[White "Koci, Vlastimil"]
[Black "Hall, Dick"]
[Result "0-1"]
[WhiteElo "1392"]
[BlackElo "1630"]
[PlyCount "32"]
[EventDate "2012.02.20"]
[EventType "tourn (corr)"]
[EventRounds "6"]
[EventCountry "GER"]
[SourceTitle "Corr 2015"]
[Source "ChessBase"]
[SourceDate "2015.07.17"]
[SourceVersion "1"]
[SourceVersionDate "2015.07.17"]
[SourceQuality "1"]

1. d4 Nf6 2. Nf3 d5 3. Bf4 e6 4. e3 c5 5. c3 Nc6 6. Bd3 Be7 7. dxc5 Bxc5 8. Nbd2 0-0 9. 0-0 Re8 10. e4 e5 11. Bg5 d4 12. cxd4 Nxd4 13. Rc1 Bb6 14. Nxd4 Bxd4 15. Bb5 Rf8 16. Qb3 Qb6 0-1

[Event "RD-2012-0-00068"]
[Site "LSS email"]
[Date "2012.04.20"]
[Round "?"]
[White "Koci, Vlastimil"]
[Black "Belter, Edmund"]
[Result "0-1"]
[WhiteElo "1355"]
[BlackElo "1341"]
[PlyCount "51"]
[EventDate "2012.02.11"]
[EventType "tourn (corr)"]
[EventRounds "6"]
[EventCountry "GER"]
[SourceTitle "Telechess CBM 153"]
[Source "ChessBase"]
[SourceDate "2013.03.14"]
[SourceVersion "1"]
[SourceVersionDate "2013.03.14"]
[SourceQuality "1"]

1. d4 g6 2. Nf3 Nf6 3. Bf4 Bg7 4. Nc3 0-0 5. e4 d5 6. e5 Ne4 7. Nxe4 dxe4 8. Ng5 c5 9. dxc5 Qc7 10. Qd4 Nd7 11. Nxe4 Nxe5 12. Qe3 Qa5+ 13. c3 Ng4 14. Qg3 Bf5 15. Nd2 Qxc5 16. Be2 e5 17. Bg5 Nf6 18. 0-0 Rfd8 19. Qh4 Rd7 20. Nb3 Qc7 21. Bxf6 Bxf6 22. Qxf6 Qd8 23. Qxd8+ Raxd8 24. f4 exf4 25. Rxf4 Re8 26. Bb5 0-1

[Event "SD-2012-0-00130"]
[Site "LSS email"]
[Date "2012.02.17"]
[Round "?"]
[White "Belter, Edmund"]
[Black "Koci, Vlastimil"]
[Result "0-1"]
[WhiteElo "1105"]
[BlackElo "1392"]
[PlyCount "56"]
[EventDate "2012.01.03"]
[EventType "tourn (corr)"]
[EventRounds "6"]
[EventCountry "GER"]
[SourceTitle "Telechess CBM 153"]
[Source "ChessBase"]
[SourceDate "2013.03.14"]
[SourceVersion "1"]
[SourceVersionDate "2013.03.14"]
[SourceQuality "1"]

1. e4 e5 2. Nc3 Nf6 3. Bc4 Bb4 4. Nf3 d6 5. 0-0 0-0 6. Nd5 Nxd5 7. Bxd5 c6 8. Bb3 Bg4 9. c3 Bc5 10. d4 exd4 11. cxd4 Bb6 12. Qd3 Bxf3 13. gxf3 Qf6 14. Rd1 Na6 15. a3 Nc7 16. f4 Ne6 17. e5 Qh4 18. Bxe6 fxe6 19. Qg3 Qh5 20. Be3 Rad8 21. Kh1 Rf7 22. Rd2 dxe5 23. dxe5 Rxd2 24. Bxd2 Qe2 25. Bc3 Bxf2 26. Qg2 Qe3 27. Rf1 Rxf4 28. a4 h5 0-1

[Event "LSS No Engine Cup 48 Final"]
[Site "LSS email"]
[Date "2012.01.29"]
[Round "?"]
[White "Herzog, Klaus"]
[Black "Koci, Vlastimil"]
[Result "1-0"]
[WhiteElo "1841"]
[BlackElo "1355"]
[PlyCount "82"]
[EventDate "2012.01.30"]
[EventType "tourn (corr)"]
[EventRounds "6"]
[EventCountry "GER"]
[SourceTitle "Telechess CBM 155"]
[Source "ChessBase"]
[SourceDate "2013.07.16"]
[SourceVersion "1"]
[SourceVersionDate "2013.07.16"]
[SourceQuality "1"]

1. d4 d5 2. c4 e6 3. Nc3 Nf6 4. cxd5 exd5 5. Bg5 c6 6. e3 Be7 7. Bd3 0-0 8. Qc2 h6 9. Bh4 Re8 10. Nge2 Bg4 11. f3 Be6 12. 0-0 Nbd7 13. Nf4 Nf8 14. Rfe1 Bd7 15. Bg3 Ne6 16. Rad1 Nxf4 17. Bxf4 Nh5 18. Be5 Nf6 19. a3 Be6 20. Na4 Nd7 21. Bf4 Bg5 22. Re2 Bxf4 23. exf4 Nf8 24. f5 Bd7 25. Rxe8 Bxe8 26. Re1 Qf6 27. Qf2 Bd7 28. Re5 Rd8 29. g3 Bc8 30. Kg2 b6 31. Qe3 c5 32. dxc5 Bd7 33. cxb6 d4 34. Qe2 Bxa4 35. Ra5 Re8 36. Qd2 Bc6 37. bxa7 Ba8 38. Qf4 Qb6 39. b4 Nd7 40. Be4 Rf8 41. Kf1 Rc8 1-0

[Event "LSS No Engine Cup 48 Final"]
[Site "LSS email"]
[Date "2012.01.29"]
[Round "?"]
[White "Koci, Vlastimil"]
[Black "Hernandez, Orlando"]
[Result "0-1"]
[WhiteElo "1355"]
[BlackElo "1262"]
[PlyCount "60"]
[EventDate "2012.01.30"]
[EventType "tourn (corr)"]
[EventRounds "6"]
[EventCountry "GER"]
[SourceTitle "Telechess CBM 153"]
[Source "ChessBase"]
[SourceDate "2013.03.14"]
[SourceVersion "1"]
[SourceVersionDate "2013.03.14"]
[SourceQuality "1"]

1. d4 Nf6 2. Nf3 d5 3. Bf4 Bf5 4. e3 e6 5. Bd3 Bxd3 6. Qxd3 Nbd7 7. Nbd2 Bd6 8. 0-0 0-0 9. Bg5 h6 10. Bh4 c5 11. c4 Re8 12. cxd5 exd5 13. Bxf6 Nxf6 14. dxc5 Bxc5 15. Nb3 Bb6 16. Rac1 Ne4 17. Nbd4 Qf6 18. Qb5 Rad8 19. Rc2 g5 20. Qb4 g4 21. Nd2 a5 22. Qa4 Bxd4 23. exd4 Nd6 24. Qxa5 Qxd4 25. Nb3 Qe5 26. Qd2 Nf5 27. Qd1 d4 28. Qxg4+ Kh7 29. Qf3 b6 30. Nc1 Rg8 0-1

[Event "LSS No Engine Cup 57 Preliminary 2"]
[Site "LSS email"]
[Date "2012.01.15"]
[Round "?"]
[White "Digalakis, Georgios"]
[Black "Koci, Vlastimil"]
[Result "0-1"]
[WhiteElo "1555"]
[BlackElo "1497"]
[PlyCount "60"]
[EventDate "2012.01.16"]
[EventType "tourn (corr)"]
[EventRounds "6"]
[EventCountry "GER"]
[SourceTitle "Telechess CBM 155"]
[Source "ChessBase"]
[SourceDate "2013.07.16"]
[SourceVersion "1"]
[SourceVersionDate "2013.07.16"]
[SourceQuality "1"]

1. d4 d5 2. c4 e6 3. Nc3 Nf6 4. cxd5 Nxd5 5. e4 Nxc3 6. bxc3 c5 7. Nf3 Be7 8. Bd3 0-0 9. 0-0 Nc6 10. Be3 cxd4 11. cxd4 b6 12. Rc1 Bb7 13. Qa4 Nb4 14. Bb1 f5 15. a3 Nd3 16. Bxd3 fxe4 17. Bxe4 Bxe4 18. Ne5 Bd6 19. Rc3 Bd5 20. Rfc1 Qf6 21. f4 Qf5 22. Qd1 b5 23. Qd3 Qxd3 24. Nxd3 a5 25. Rb1 Rfb8 26. Nc5 b4 27. axb4 axb4 28. Rcc1 Ra2 29. g3 b3 30. Rc3 b2 0-1

[Event "LSS No Engine Cup 57 Preliminary 2"]
[Site "LSS email"]
[Date "2012.01.15"]
[Round "?"]
[White "Koci, Vlastimil"]
[Black "Slavin, Pablo"]
[Result "1-0"]
[WhiteElo "1497"]
[BlackElo "1190"]
[PlyCount "49"]
[EventDate "2012.01.16"]
[EventType "tourn (corr)"]
[EventRounds "6"]
[EventCountry "GER"]
[SourceTitle "Telechess CBM 157"]
[Source "ChessBase"]
[SourceDate "2013.11.12"]
[SourceVersion "1"]
[SourceVersionDate "2013.11.12"]
[SourceQuality "1"]

1. d4 d5 2. Nf3 Nf6 3. Bf4 c6 4. e3 Nbd7 5. Bd3 g6 6. h3 Bg7 7. Nbd2 0-0 8. 0-0 a6 9. c3 Re8 10. e4 dxe4 11. Nxe4 Nxe4 12. Bxe4 Nb6 13. Qc2 Nd5 14. Be5 Nf6 15. Bd3 Qa5 16. Rfe1 c5 17. Qb3 cxd4 18. Bxd4 b5 19. a4 Be6 20. Rxe6 fxe6 21. Qxe6+ Kh8 22. Ng5 h6 23. Nf7+ Kh7 24. Ne5 Rf8 25. Nxg6 1-0

[Event "RE-2011-0-00081"]
[Site "LSS email"]
[Date "2011.12.19"]
[Round "?"]
[White "Bichik, Aleksandr Mihail"]
[Black "Koci, Vlastimil"]
[Result "0-1"]
[WhiteElo "1544"]
[BlackElo "1497"]
[PlyCount "28"]
[EventDate "2011.10.21"]
[EventType "tourn (corr)"]
[EventRounds "6"]
[EventCountry "GER"]
[SourceTitle "Corr 2015"]
[Source "ChessBase"]
[SourceDate "2015.07.17"]
[SourceVersion "1"]
[SourceVersionDate "2015.07.17"]
[SourceQuality "1"]

1. e4 e5 2. Nf3 Nf6 3. Nc3 Nc6 4. Bb5 Bc5 5. Nxe5 Nxe5 6. d4 Bd6 7. dxe5 Bxe5 8. f4 Bxc3+ 9. bxc3 Nxe4 10. 0-0 0-0 11. Bb2 d5 12. Bd3 c6 13. Bxe4 dxe4 14. Qh5 Qb6+ 0-1

[Event "RE-2011-0-00081"]
[Site "LSS email"]
[Date "2011.12.19"]
[Round "?"]
[White "Senis, Enrico"]
[Black "Koci, Vlastimil"]
[Result "0-1"]
[WhiteElo "1319"]
[BlackElo "1497"]
[PlyCount "72"]
[EventDate "2011.10.21"]
[EventType "tourn (corr)"]
[EventRounds "6"]
[EventCountry "GER"]
[SourceTitle "Telechess CBM 155"]
[Source "ChessBase"]
[SourceDate "2013.07.16"]
[SourceVersion "1"]
[SourceVersionDate "2013.07.16"]
[SourceQuality "1"]

1. e4 e5 2. Nf3 Nf6 3. Nxe5 Qe7 4. Nf3 Qxe4+ 5. Be2 Be7 6. 0-0 0-0 7. Nc3 Qb4 8. d4 d5 9. Nb5 Qa5 10. Bd2 Qb6 11. a4 c6 12. a5 Qd8 13. Nc3 Bf5 14. Ne5 Qc7 15. Bf4 Bd6 16. Re1 Re8 17. Bd3 Bxd3 18. Qxd3 Re6 19. f3 Nbd7 20. Nxd7 Bxf4 21. Rxe6 Bxh2+ 22. Kh1 fxe6 23. Nxf6+ gxf6 24. Qe3 Re8 25. Qh6 Bd6 26. Qxf6 Qg7 27. Qxg7+ Kxg7 28. Ne2 e5 29. g4 Kg6 30. dxe5 Bxe5 31. c3 Bf6 32. Nf4+ Kg5 33. Nh5 Re2 34. Nxf6 Kxf6 35. Rb1 Rf2 36. Kg1 Rxf3 0-1

[Event "SE-2011-0-00094"]
[Site "LSS email"]
[Date "2011.12.02"]
[Round "?"]
[White "Bossi, Noemi"]
[Black "Koci, Vlastimil"]
[Result "1/2-1/2"]
[WhiteElo "1409"]
[BlackElo "1354"]
[PlyCount "102"]
[EventDate "2011.11.02"]
[EventType "tourn (corr)"]
[EventRounds "6"]
[EventCountry "GER"]
[SourceTitle "Corr 2015"]
[Source "ChessBase"]
[SourceDate "2015.07.17"]
[SourceVersion "1"]
[SourceVersionDate "2015.07.17"]
[SourceQuality "1"]

1. e4 e5 2. Bc4 Nf6 3. d4 exd4 4. Nf3 Bc5 5. e5 d5 6. Bb5+ Bd7 7. exf6 Bxb5 8. fxg7 Rg8 9. Nxd4 Qf6 10. Be3 Bc4 11. Nc3 Qxg7 12. Qd2 Nd7 13. 0-0-0 0-0-0 14. g3 Ne5 15. Rhe1 Qf6 16. f4 Ng4 17. Bg1 Qa6 18. Kb1 Nf6 19. a3 Rd7 20. Re5 Rgd8 21. Qg2 Bd6 22. Rf5 Ne4 23. Nxe4 dxe4 24. Rf6 c5 25. Nb3 Qb5 26. Rf5 Bxb3 27. cxb3 Qxb3 28. Qc2 Qxc2+ 29. Kxc2 b6 30. Re1 Re8 31. Be3 Bf8 32. Rh5 h6 33. g4 Bg7 34. f5 Rh8 35. Kc1 Kb7 36. Kc2 Kc6 37. Bd2 Re7 38. b3 a6 39. h4 b5 40. Be3 Bd4 41. Rxh6+ Rxh6 42. Bxh6 Kd5 43. h5 f6 44. Bf8 Rh7 45. h6 Ke5 46. Bg7 Kf4 47. g5 Kxg5 48. Rxe4 Be5 49. Kd3 Kxf5 50. Re2 Ke6 51. Ke3 Kd5 1/2-1/2

[Event "SE-2011-0-00094"]
[Site "LSS email"]
[Date "2011.12.02"]
[Round "?"]
[White "Koci, Vlastimil"]
[Black "Horse, Madera"]
[Result "1-0"]
[WhiteElo "1354"]
[BlackElo "1078"]
[PlyCount "61"]
[EventDate "2011.11.02"]
[EventType "tourn (corr)"]
[EventRounds "6"]
[EventCountry "GER"]
[SourceTitle "Corr 2015"]
[Source "ChessBase"]
[SourceDate "2015.07.17"]
[SourceVersion "1"]
[SourceVersionDate "2015.07.17"]
[SourceQuality "1"]

1. d4 Nf6 2. Nf3 e6 3. Bf4 Bd6 4. Bxd6 cxd6 5. e3 Qb6 6. b3 d5 7. c4 dxc4 8. bxc4 d6 9. Nc3 Nc6 10. Bd3 Qa5 11. Qb3 Nb4 12. Be2 Bd7 13. 0-0 Bc6 14. Rfb1 Na6 15. Nb5 Ne4 16. Bd3 0-0 17. Bxe4 Bxe4 18. Nxd6 Bxb1 19. Rxb1 b6 20. Ne5 Qd2 21. Nc6 Nb8 22. Ne7+ Kh8 23. Qb5 g6 24. Qe5+ f6 25. Qxe6 Qxa2 26. Rf1 Qa4 27. Qh3 Kg7 28. Qf3 Na6 29. Qb7 Kh6 30. Ng8+ Rxg8 31. Nf7+ 1-0

[Event "SE-2011-0-00094"]
[Site "LSS email"]
[Date "2011.12.02"]
[Round "?"]
[White "Koci, Vlastimil"]
[Black "O'Brien, Glenn"]
[Result "1-0"]
[WhiteElo "1354"]
[BlackElo "1317"]
[PlyCount "129"]
[EventDate "2011.11.02"]
[EventType "tourn (corr)"]
[EventRounds "6"]
[EventCountry "GER"]
[SourceTitle "Corr 2015"]
[Source "ChessBase"]
[SourceDate "2015.07.17"]
[SourceVersion "1"]
[SourceVersionDate "2015.07.17"]
[SourceQuality "1"]

1. d4 Nf6 2. Nf3 g6 3. Bf4 Bg7 4. e3 0-0 5. Bd3 d6 6. 0-0 Nbd7 7. Nbd2 Qe8 8. e4 e5 9. dxe5 Nxe5 10. Nxe5 dxe5 11. Be3 b6 12. Qe2 Be6 13. Nf3 Rd8 14. Nxe5 Nxe4 15. Bb5 Bc4 16. Bxc4 Qxe5 17. c3 Rfe8 18. Rad1 c6 19. Rxd8 Rxd8 20. Qf3 Qf5 21. Qxf5 gxf5 22. Re1 Be5 23. Bb3 Nd6 24. g3 Bf6 25. Rd1 Be7 26. Bh6 Bf8 27. Bg5 Re8 28. Bf4 Ne4 29. Rd7 Re7 30. Rd8 Nf6 31. Bg5 Re1+ 32. Kg2 Ng4 33. h3 Ne5 34. Bh6 Nd7 35. Bd2 Re2 36. Rxd7 Re7 37. Rxe7 Bxe7 38. Bc2 h5 39. Bxf5 h4 40. Bd7 c5 41. Bf4 hxg3 42. fxg3 Bd8 43. Kf3 a6 44. Ke4 Kf8 45. Kd5 Ke7 46. Bc8 a5 47. Kc6 Kf8 48. Kd7 Bf6 49. h4 b5 50. h5 Kg8 51. h6 b4 52. cxb4 cxb4 53. b3 Bd4 54. Ke8 Bg1 55. Bf5 Bd4 56. Bd6 Bc3 57. h7+ Kg7 58. g4 Kh8 59. Kxf7 Bg7 60. g5 a4 61. g6 a3 62. Bf4 Bc3 63. Bh6 Be5 64. g7+ Bxg7 65. Bxg7# 1-0

[Event "SE-2011-0-00083"]
[Site "LSS email"]
[Date "2011.09.05"]
[Round "?"]
[White "Pietrzak, Wojciech"]
[Black "Koci, Vlastimil"]
[Result "1/2-1/2"]
[WhiteElo "1404"]
[BlackElo "1497"]
[PlyCount "94"]
[EventDate "2011.08.04"]
[EventType "tourn (corr)"]
[EventRounds "6"]
[EventCountry "GER"]
[SourceTitle "Telechess CBM 155"]
[Source "ChessBase"]
[SourceDate "2013.07.16"]
[SourceVersion "1"]
[SourceVersionDate "2013.07.16"]
[SourceQuality "1"]

1. e4 e5 2. Nf3 d6 3. Bc4 Bg4 4. Nc3 Nf6 5. 0-0 Be7 6. h3 Bh5 7. Re1 Nc6 8. d3 Na5 9. Bb3 0-0 10. Be3 c6 11. d4 b5 12. dxe5 dxe5 13. Qxd8 Rfxd8 14. Nxe5 Bd6 15. Nd3 b4 16. e5 bxc3 17. exd6 cxb2 18. Nxb2 Rxd6 19. Nc4 Nxc4 20. Bxc4 Bg6 21. Bb3 a5 22. Bc5 Rdd8 23. Ba4 Rdc8 24. Rab1 Nd5 25. Rb7 Nc3 26. Bb3 a4 27. Bc4 Nd5 28. Re2 Rcb8 29. Rd7 Rd8 30. Rxd8+ Rxd8 31. Kh2 Nf4 32. Re7 Nd5 33. Bxd5 cxd5 34. c3 Bb1 35. a3 Bc2 36. Kg3 f6 37. Kf4 Rc8 38. Bd4 Rb8 39. Ra7 Rb1 40. f3 Ra1 41. Bc5 Re1 42. Ra8+ Kf7 43. h4 h5 44. Rd8 Bb3 45. Kf5 Re5+ 46. Kf4 Re1 47. Kf5 Re5+ 1/2-1/2

[Event "SE-2011-0-00083"]
[Site "LSS email"]
[Date "2011.09.04"]
[Round "?"]
[White "Koci, Vlastimil"]
[Black "Stevens, Michael"]
[Result "1/2-1/2"]
[WhiteElo "1497"]
[BlackElo "1477"]
[PlyCount "61"]
[EventDate "2011.08.04"]
[EventType "tourn (corr)"]
[EventRounds "6"]
[EventCountry "GER"]
[SourceTitle "Telechess CBM 155"]
[Source "ChessBase"]
[SourceDate "2013.07.16"]
[SourceVersion "1"]
[SourceVersionDate "2013.07.16"]
[SourceQuality "1"]

1. d4 Nf6 2. Nf3 b6 3. Bf4 Bb7 4. e3 e6 5. Be2 Be7 6. Nc3 0-0 7. a3 h6 8. h3 a6 9. 0-0 d6 10. Qd3 Nbd7 11. e4 b5 12. Qe3 c5 13. dxc5 Nxc5 14. e5 Nfe4 15. Nxe4 Nxe4 16. Bd3 dxe5 17. Bxe5 Bc5 18. Qf4 Qd5 19. Rae1 Ng5 20. Qg3 Nxf3+ 21. gxf3 f6 22. Bf4 Qxf3 23. Qxf3 Bxf3 24. Rxe6 Bd5 25. Re2 Rfe8 26. Rfe1 Rxe2 27. Rxe2 g5 28. Be3 Bxe3 29. Rxe3 Kf7 30. Kh2 Be6 31. Bg6+ 1/2-1/2

[Event "LSS No Engine Cup 48 Preliminary 6"]
[Site "LSS email"]
[Date "2011.08.12"]
[Round "?"]
[White "Koci, Vlastimil"]
[Black "Bossi, Noemi"]
[Result "1-0"]
[WhiteElo "1484"]
[BlackElo "1369"]
[PlyCount "57"]
[EventDate "2011.08.13"]
[EventType "tourn (corr)"]
[EventRounds "6"]
[EventCountry "GER"]
[SourceTitle "Telechess CBM 157"]
[Source "ChessBase"]
[SourceDate "2013.11.12"]
[SourceVersion "1"]
[SourceVersionDate "2013.11.12"]
[SourceQuality "1"]

1. d4 Nf6 2. Nf3 g6 3. Bf4 Bg7 4. e3 0-0 5. Bd3 d6 6. 0-0 Nbd7 7. Nc3 Nh5 8. Bg5 h6 9. Bh4 Nhf6 10. e4 g5 11. Bg3 Nh5 12. Ne2 Nxg3 13. Nxg3 e5 14. Nf5 exd4 15. Nxg7 Kxg7 16. Nxd4 Ne5 17. Be2 Ng6 18. Bg4 Bxg4 19. Qxg4 Qf6 20. Rad1 Ne5 21. Qg3 Ng6 22. Qc3 Nf4 23. Nf5+ Kg6 24. Qxc7 Rfd8 25. Rxd6 Rxd6 26. Nxd6 Rd8 27. e5 Qe6 28. Qxd8 Qxe5 29. Qg8+ 1-0

[Event "OP-2011-0-01662"]
[Site "LSS email"]
[Date "2011.07.17"]
[Round "?"]
[White "Koci, Vlastimil"]
[Black "Dehaybe, Andre"]
[Result "0-1"]
[WhiteElo "1248"]
[BlackElo "1863"]
[PlyCount "54"]
[EventDate "2011.07.12"]
[EventType "tourn (corr)"]
[EventRounds "4"]
[EventCountry "GER"]
[SourceTitle "Telechess CBM 151"]
[Source "ChessBase"]
[SourceDate "2012.11.13"]
[SourceVersion "1"]
[SourceVersionDate "2012.11.13"]
[SourceQuality "1"]

1. d4 Nf6 2. Nf3 c5 3. e3 d5 4. c3 e6 5. Be2 Bd6 6. dxc5 Bxc5 7. Nbd2 0-0 8. 0-0 b6 9. b4 Bd6 10. Bb2 Bb7 11. Qb3 Nc6 12. Rfd1 a5 13. a3 Qe7 14. c4 axb4 15. cxd5 Nxd5 16. a4 Na5 17. Qc2 Rfc8 18. Qb1 Nc3 19. Bxc3 bxc3 20. Qxb6 Bb4 21. Nc4 Nxc4 22. Bxc4 Bxf3 23. Ba6 Bxd1 24. Bxc8 Rxc8 25. Rxd1 c2 26. Rc1 Rd8 27. g3 Rd1+ 0-1

[Event "RE-2011-0-00067"]
[Site "LSS email"]
[Date "2011.07.07"]
[Round "?"]
[White "Koci, Vlastimil"]
[Black "Fridich, Vaclav Sr"]
[Result "1-0"]
[WhiteElo "1340"]
[BlackElo "1192"]
[PlyCount "59"]
[EventDate "2011.05.24"]
[EventType "tourn (corr)"]
[EventRounds "6"]
[EventCountry "GER"]
[SourceTitle "Telechess CBM 149"]
[Source "ChessBase"]
[SourceDate "2012.07.17"]
[SourceVersion "1"]
[SourceVersionDate "2012.07.17"]
[SourceQuality "1"]

1. e3 Nf6 2. d4 d5 3. Nf3 Nc6 4. Be2 e6 5. 0-0 Bd6 6. Nbd2 0-0 7. b3 a6 8. Bb2 Re8 9. c4 b6 10. Rc1 Bb7 11. a3 a5 12. cxd5 Nxd5 13. Bb5 Nde7 14. Nc4 Rf8 15. Qc2 h6 16. Nxd6 cxd6 17. Qe4 Rc8 18. Rc3 d5 19. Qd3 Na7 20. Rxc8 Nexc8 21. Ne5 Nxb5 22. Qxb5 Nd6 23. Qd7 Bc8 24. Qxd8 Rxd8 25. Nc6 Re8 26. Rc1 Ba6 27. a4 Kf8 28. Ba3 b5 29. Bxd6+ Kg8 30. Nb8 1-0

[Event "RE-2011-0-00067"]
[Site "LSS email"]
[Date "2011.07.07"]
[Round "?"]
[White "Koci, Vlastimil"]
[Black "Guaimare Rodriguez, Carlos Luis"]
[Result "0-1"]
[WhiteElo "1340"]
[BlackElo "1130"]
[PlyCount "60"]
[EventDate "2011.05.24"]
[EventType "tourn (corr)"]
[EventRounds "6"]
[EventCountry "GER"]
[SourceTitle "Telechess CBM 149"]
[Source "ChessBase"]
[SourceDate "2012.07.17"]
[SourceVersion "1"]
[SourceVersionDate "2012.07.17"]
[SourceQuality "1"]

1. e3 d5 2. d4 Nf6 3. Nf3 Bg4 4. Be2 e6 5. 0-0 c5 6. c3 Nc6 7. Nbd2 Be7 8. dxc5 Bxc5 9. b4 Bd6 10. Bb2 0-0 11. Qb3 Ne4 12. Rad1 Nxd2 13. Rxd2 Qc7 14. h3 Bh5 15. Rc1 Qe7 16. a3 a6 17. c4 dxc4 18. Rxc4 Bxf3 19. Bxf3 Ne5 20. Bxe5 Bxe5 21. Rdc2 Rad8 22. g3 b5 23. Rc6 Rd6 24. R2c5 Bf6 25. Rxd6 Qxd6 26. Rc6 Qd2 27. Rxa6 h6 28. Rb6 Rc8 29. Rxb5 Rc1+ 30. Kg2 Qe1 0-1

[Event "SE-2011-0-00075"]
[Site "LSS email"]
[Date "2011.06.13"]
[Round "?"]
[White "Brzeszkiewicz, Edmund"]
[Black "Koci, Vlastimil"]
[Result "1-0"]
[WhiteElo "1908"]
[BlackElo "1354"]
[PlyCount "93"]
[EventDate "2011.05.05"]
[EventType "tourn (corr)"]
[EventRounds "6"]
[EventCountry "GER"]
[SourceTitle "Corr 2015"]
[Source "ChessBase"]
[SourceDate "2015.07.17"]
[SourceVersion "1"]
[SourceVersionDate "2015.07.17"]
[SourceQuality "1"]

1. e4 d5 2. exd5 Nf6 3. d4 Nxd5 4. Nf3 Bg4 5. h3 Bh5 6. c4 Nf6 7. Be2 e6 8. Nc3 Be7 9. Qb3 b6 10. Be3 a5 11. 0-0 Bb4 12. g4 Bg6 13. Ne5 Bxc3 14. Qxc3 0-0 15. Nxg6 hxg6 16. Bf3 c6 17. Rfe1 Qd6 18. g5 Nfd7 19. Rad1 Rc8 20. a3 a4 21. Qd2 Nf8 22. Bf4 Qd8 23. h4 Nbd7 24. Bd6 Ra5 25. Bg2 Qe8 26. Qc3 Nb8 27. Qe3 Qd7 28. Bb4 Ra7 29. d5 cxd5 30. cxd5 exd5 31. Rxd5 Qg4 32. Rd4 Qe6 33. Qd2 Qf5 34. Rd8 Rac7 35. Ree8 Rxd8 36. Qxd8 Rc1+ 37. Kh2 Qf4+ 38. Kh3 Kh7 39. Rxf8 Qf5+ 40. Kg3 Qe5+ 41. Kf3 Qf5+ 42. Ke3 Qe5+ 43. Be4 Re1+ 44. Bxe1 Qc5+ 45. Kf4 Qc1+ 46. Kg3 Qxe1 47. Rh8# 1-0

[Event "LSS No Engine Cup 43 Preliminary 6"]
[Site "LSS email"]
[Date "2011.05.27"]
[Round "?"]
[White "Kapatos, Endre"]
[Black "Koci, Vlastimil"]
[Result "0-1"]
[WhiteElo "1000"]
[BlackElo "1248"]
[PlyCount "122"]
[EventDate "2011.05.28"]
[EventType "tourn (corr)"]
[EventRounds "6"]
[EventCountry "GER"]
[SourceTitle "Telechess CBM 147"]
[Source "ChessBase"]
[SourceDate "2012.03.16"]
[SourceVersion "1"]
[SourceVersionDate "2012.03.16"]
[SourceQuality "1"]

1. e4 d5 2. exd5 Nf6 3. Nf3 Bg4 4. Bb5+ Nbd7 5. h3 Bh5 6. Nc3 a6 7. Be2 Nb6 8. d4 Nbxd5 9. Nxd5 Qxd5 10. c4 Qd6 11. 0-0 e6 12. b3 Be7 13. Bb2 0-0 14. Ne5 Bxe2 15. Qxe2 c6 16. Rad1 Qc7 17. f4 Rfe8 18. f5 Bd6 19. Qf2 c5 20. Rfe1 Re7 21. Rd3 exf5 22. Qxf5 cxd4 23. Bxd4 Bc5 24. Nf3 Rxe1+ 25. Nxe1 Re8 26. Nf3 Bxd4+ 27. Rxd4 b6 28. Rd2 Qe7 29. Qd3 Ne4 30. Re2 Qc5+ 31. Qd4 Kf8 32. Qxc5+ Nxc5 33. Rxe8+ Kxe8 34. Kf1 Nd3 35. a3 Ke7 36. g3 f6 37. Nd2 Ke6 38. Ke2 Nc5 39. Ke3 g5 40. b4 Na4 41. Kd4 f5 42. Nf3 h6 43. c5 b5 44. Ne5 h5 45. Nf3 g4 46. hxg4 hxg4 47. Nh4 Nb2 48. Ng6 Nc4 49. Nf4+ Kd7 50. Kd5 Nxa3 51. c6+ Kc8 52. Kc5 Nc4 53. Ng6 Kd8 54. Nh4 Ne3 55. Kb6 Nd5+ 56. Kb7 f4 57. gxf4 a5 58. bxa5 b4 59. a6 b3 60. a7 Nc7 61. Ng6 b2 0-1

[Event "LSS No Engine Cup 43 Preliminary 6"]
[Site "LSS email"]
[Date "2011.05.27"]
[Round "?"]
[White "Koci, Vlastimil"]
[Black "Basson, Heinrich"]
[Result "1/2-1/2"]
[WhiteElo "1248"]
[BlackElo "1335"]
[PlyCount "51"]
[EventDate "2011.05.28"]
[EventType "tourn (corr)"]
[EventRounds "6"]
[EventCountry "GER"]
[SourceTitle "Telechess CBM 151"]
[Source "ChessBase"]
[SourceDate "2012.11.13"]
[SourceVersion "1"]
[SourceVersionDate "2012.11.13"]
[SourceQuality "1"]

1. d4 Nf6 2. Nf3 g6 3. Bf4 Bg7 4. e3 d6 5. Be2 0-0 6. 0-0 c5 7. c3 Nh5 8. Bg5 h6 9. Bh4 Nd7 10. dxc5 Nxc5 11. Nd4 Nf6 12. Nd2 Qc7 13. N2b3 Bd7 14. Qc2 Rac8 15. Rfd1 Rfd8 16. Nxc5 dxc5 17. Nf3 Bf5 18. Qb3 Be6 19. Bc4 Bxc4 20. Qxc4 Rxd1+ 21. Rxd1 Rd8 22. Rxd8+ Qxd8 23. h3 Qd5 24. Qa4 a6 25. Kh2 Kh7 26. Qb3 1/2-1/2

[Event "LSS No Engine Cup 43 Preliminary 6"]
[Site "LSS email"]
[Date "2011.05.27"]
[Round "?"]
[White "Koci, Vlastimil"]
[Black "Draba, Henryk"]
[Result "1-0"]
[WhiteElo "1248"]
[BlackElo "1569"]
[PlyCount "59"]
[EventDate "2011.05.28"]
[EventType "tourn (corr)"]
[EventRounds "6"]
[EventCountry "GER"]
[SourceTitle "Telechess CBM 151"]
[Source "ChessBase"]
[SourceDate "2012.11.13"]
[SourceVersion "1"]
[SourceVersionDate "2012.11.13"]
[SourceQuality "1"]

1. d4 d5 2. Nf3 Nf6 3. Bf4 e6 4. e3 Be7 5. h3 0-0 6. Bd3 c5 7. dxc5 Nc6 8. 0-0 Bxc5 9. Nc3 Re8 10. e4 e5 11. Bg5 d4 12. Nd5 Be6 13. Bxf6 gxf6 14. Nh4 Nb4 15. Nxb4 Bxb4 16. f4 Qc7 17. a3 Bf8 18. Qh5 Bg7 19. fxe5 fxe5 20. Rf3 Qb6 21. b3 Rac8 22. Raf1 Rf8 23. Rg3 Kh8 24. Rxg7 Kxg7 25. Qg5+ Kh8 26. Qxe5+ Kg8 27. Qg5+ Kh8 28. Qf6+ Kg8 29. e5 Qd8 30. Qh6 1-0